00603 2200241 4500001002100000005001500021035002500036007000300061008004100064040001700105041000800122082001600130084001800146090002000164100001600184245003400200260003700234300003100271650001100302850001200313990001800325990001800343INLIS00000000002865920191112015720 a0010-061700000000567ta170620s1952 jkia g ind d aYOPDYOGbind aind a796.342b23 a796.342 KAT o aL 796.342 KAT o1 aKatili, A.A12aOlahraga tennis /cA.A Katili aDjakarta :bBalai Pustaka,c1952 a47 hlm. :bilus. ;c20 cm. 4aTennis aYOPDYOG a54981-PD/A.17 a54981-PD/A.17